Normal view MARC view

Entry Personal Name

Number of records used in: 1

001 - CONTROL NUMBER

  • control field: 1159

003 - CONTROL NUMBER IDENTIFIER

  • control field: DLC

005 - DATE AND TIME OF LATEST TRANSACTION

  • control field: 20200113152149.0

008 - FIXED-LENGTH DATA ELEMENTS

  • fixed length control field: 150601n| azannaabn |n aaa c

010 ## - LIBRARY OF CONGRESS CONTROL NUMBER

  • LC control number: no2015071840

035 ## - SYSTEM CONTROL NUMBER

  • System control number: (OCoLC)oca10180291

040 ## - CATALOGING SOURCE

  • Original cataloging agency: NcD-L
  • Language of cataloging: eng
  • Description conventions: rda
  • Transcribing agency: NcD-L

100 1# - HEADING--PERSONAL NAME

  • Personal name: Verma, Sachin
  • Titles and other words associated with a name: (Human rights writer)

372 ## - FIELD OF ACTIVITY

  • Field of activity: Human rights
  • Source of term: lcsh

372 ## - FIELD OF ACTIVITY

  • Field of activity: Political corruption
  • Source of term: lcsh

670 ## - SOURCE DATA FOUND

  • Source citation: Verma, Sachin (Human rights writer). Corruption and human rights, 2014:
  • Information found: title page (Sachin Verma) back cover (post-diploma in human rights; post graduate diploma in business pamaagement (PGDBM) from Global Business School, Parpad Ganj Delhi and bachleors of commerce from J.V. Jain College, Saharanpur)

Powered by Koha